| 000 | 00990nam a22003017a 4500 | ||
|---|---|---|---|
| 003 | DO-SdBNP | ||
| 005 | 20220523133010.0 | ||
| 008 | 161031b 1999 sp ac 00| 0 spa d | ||
| 020 | _a8449414504 | ||
| 040 |
_aBPMSU _bspa _cBPMSU |
||
| 082 |
_aR791.43 _bM965c 1999 _222 |
||
| 245 | 0 | 3 |
_aEl mundo del cine : _blos grandes mitos del séptimo arte / _cdirección Carlos Gispert ; ilustración Juan Pejoán |
| 260 |
_aBarcelona : _bOceano Grupo Editorial, _c1999. |
||
| 300 |
_a400 p. : _bil., fotos ; _c31 cm. |
||
| 500 | _aIncluye índice analítico. | ||
| 590 | _6Inventariado, 2022/VM | ||
| 650 | 4 | _aCine | |
| 650 | 4 | _aCine latinoamericano. | |
| 650 | 4 | _aHistoria del cine. | |
| 650 | 4 | _aActores y actrices de cine. | |
| 700 | 1 |
_aGispert, Carlos _edirección general |
|
| 700 | 1 |
_aPejoán, Juan _eilustraciones |
|
| 710 | 2 | _aOCEONO | |
| 910 | _aVMateo V. | ||
| 942 |
_2ddc _cBK |
||
| 945 | _aInventariado extranjero / 2017 YL | ||
| 956 |
_aYLOCKWARD _b10 _c20171127 _d144 |
||
| 999 |
_c13135 _d13135 |
||